000 00661nas a2200217 4500
001 BR7908327
003 BR-BrBNA
005 20231205084022.0
007 ta
008 230509b bl.|||p| |||| 00| 00por d
040 _aBR-BrBNA
_bpor
_cBiblioteca Nacional de Agricultura
041 _a(Pt)
072 _aF00; N20
100 1 _aSako, R.
245 1 _aAgricultor projeta e fabrica maquina que pode revolucionar o plantio de alho no pais [Brasil]
650 _aPLANTADEIRA
650 _aALHO
773 0 _tAgropecuaria (Brazil)
_xISSN 0365-2661
_g(Nov 1979), v. 1(8) p. 43-47
_wBR7908327
909 _a202311
_bLúcia
_c55
_dLúcia Elande
942 _2AGRIS
_n0
_cANA
999 _c102621
_d102621